| 000 | 00568nam a2200205 a 4500 | ||
|---|---|---|---|
| 003 | UPN | ||
| 005 | 20240924063957.0 | ||
| 008 | 991125s1920 sp gr 000 0 spa u | ||
| 035 | _aUPN01000049244 | ||
| 040 |
_aMX-MxUPN _bspa _cMX-MxUPN |
||
| 050 | 4 |
_aBF175 _bB6.6 |
|
| 100 | 1 |
_aBovet, Pierre, _d1878-1944 _931438 |
|
| 245 | 1 | 3 | _aEl psicoanálisis y la educación |
| 260 |
_a[Madrid] : _bLa Lectura, _c[192-?]. |
||
| 300 | _a56 páginas | ||
| 650 | 4 |
_aPsicoanálisis _91572 |
|
| 650 | 4 |
_aEducación _xInvestigación _94070 |
|
| 905 | _aLibro | ||
| 942 |
_2lcc _cLIBRO _n0 |
||
| 999 |
_c49244 _d49244 |
||